00845nam a2200205 a 450000100100000000500170001000800410002704000250006808200170009310000320011024501330014226000530027530000260032865000300035465000420038470000360042670000450046295201150050799900170062200002209520200930011559.0100916s1986 cu r 000 j spa d aDO-SdBNPbspacBNPHU a863.6bA996b1 aAzorín,d1873-1967.9527810aBlanco en azul :by otros cuentos /cJosé Martínez Ruiz ; edición Dania Pérez Rubio ; prólogo Jesús Abascal López. aCiudad de La Habana :bArte y Literatura,c1986. a398, [4] p. ;c20 cm. 4aCuentos españoles93194 4aLiteratura españolaySIGLO XX933261 aPérez Rubio, Daniaeed.954821 aAbascal López, Jesúsepról.945784 001050718MOaGRbGRcHDd2017-05-18iLF1l0o863.6 A996bp22095-10r2020-06-25w2020-06-25y1ZNo se presta c21593d21593